01346nam a22003378i 4500999001700000001001000017003000900027005001700036008004100053020002500094040004100119082002000160100003600180245010800216250001900324264004000343300010600383336002600489336003300515336004000548337002800588338002700616504005100643650003300694651002800727651003100755653002100786655002400807942001200831952016500843 c29342d29313018131260EG-ScBUE20210809093050.0161125s2017 enkab f b 001 0 eng d a9780500283967 (pbk.) aStDuBDSbengerdacStDuBDSdEG-ScBUE04a299.31bWIL2221 aWilkinson, Richard H.,eauthor.14aThe complete temples of ancient Egypt :bwith 535 illustrations, 173 in colour /cRichard H. Wilkinson. aFirst edition. 1aLondon :bThames and Hudson,c2017. a256 pages :billustrations (black and white, and colour), maps (black and white, and colour) ;c26 cm atext2rdacontentbtxt astill image2rdacontentbtxt acartographic image2rdacontentbtxt aunmediated2rdamediabn avolume2rdacarrierbnc aIncludes bibliographical references and index. 7aTempleszEgypt.2BUEsh98008 7aEgyptxReligion.2BUEsh 7aEgyptxAntiquities.2BUEsh bGGENcAugust2021 vReading book934232 2ddccBB 00102ddc40708BaccahaMAINbMAINc1STd2021-08-09ePurchaseg368.00h35754l1o299.31 WILp000050503r2025-09-28 00:00:00s2025-02-24v460.00w2021-08-09yBB